000 00549nam a22001817a 4500
999 _c173366
_d173366
005 20200222121846.0
010 _aB-24538
020 _c35.00
035 _aB-24538
037 _bCen Lib/Ret
082 _a840
100 _aمشیر احمد
245 _aعلیگڑھ تحریک اور ادب اردو /
_cمشیر احمد
246 _aAligarh Tehreek Aur Adab Urdu /
_bby Masheer Ahmed
260 _aPatna
_bKhuda Bakhsh Oriental Public Library
_c1999 ء
300 _a104p.
_c23cm(Hb)
942 _2ddc
_cUR
_h840
_mع ل ی